Statistics for Princess Bride quotes

Click here to take the quiz!

General Stats

  • This quiz has been taken 109 times
  • The average score is 11 of 20

Answer Stats

Answer% Correct
As you {wish}.
98%
Hello, my name is Inigo Montoya. {You} {killed} {my} {father}. Prepare to die.
98%
Never go in against a Sicilian when {death} {is} {on} {the} {line}.
88%
Have fun {storming} {the} {castle}.
83%
No more rhymes now, I mean it. {Anybody} {want} {a} {peanut}?
81%
Please consider me as an alternative to {suicide}
73%
No! To the {pain}
63%
{Life} {is} {pain}, highness. Anyone who says differently is selling something.
61%
You seem a {decent} {fellow}. I hate to kill you.
61%
What you do not smell is called {iocane}
58%
You mean you wish to {surrender} to me? Very well, I accept.
55%
I know something you don't know. {I} {am} {not} {left}-{handed}.
54%
Oh, you mean these {gate} {keys}?
52%
We are {men} {of} {action}. Lies do not become us.
51%
Do you want me to send you back to where you were? {Unemployed}? In {Greenland}!
48%
I didn't mean to {jog} him so hard
48%
He distinctly said to {blave}
23%
Bow to the Queen of {Slime}! The Queen of {Filth}! The Queen of {Putrescence}!
20%
There have been five kisses that have been rated the most {passionate}, the most {pure}.
19%
Your {vote} {of} {confidence} is overwhelming
8%

Score Distribution

Percentile by Number Answered

Percent of People with Each Score

Your Score History

You have not taken this quiz